000 01414cam a22002533a 4500
001 3815
003 PGUSA
005 20140828083038.0
008 030301s2003||||xxu|||||s|||||000 i eng d
040 _aPGUSA
_beng
042 _adc
050 4 _aPS
100 1 _aHenry, O.,
_d1862-1910
245 1 0 _aRolling Stones
_h[electronic resource] /
_cO. Henry
260 _bProject Gutenberg,
_c2003
505 0 _aThe dream -- A ruler of men -- The atavism of John Tom Little Bear -- Helping the other fellow -- The marionettes -- The marquis and Miss Sally -- A fog in Santone -- The friendly call -- a dinner at ----* --- Sound and fury -- Tictocq -- Tracked to doom -- A snapshot at the President -- An unfinished Christmas story -- The unprofitable servant -- Aristocracy versus has -- The prisoner of Zembla -- A strange story -- Fickle fortune, or, How Gladys hustled -- An apology -- Lord Oakhurst's course -- Bexar script no. 2692 -- Queries and answers -- The pewee -- Nothing to say -- The murderer -- Some postscripts -- A contribution -- The old farm -- Vanity -- The lullaby boy -- Chanson de Bohême -- Hard to forget -- Drop a tear in this slot -- Tamales -- Some letters.
506 _aPublic domain in the USA.
516 _aElectronic text
653 _aFiction
653 _aShort stories
830 0 _aProject Gutenberg
_v3815
856 4 0 _uhttp://www.gutenberg.org/ebooks/3815
942 _cEB
999 _c233144
_d233144